載入...
Feminine Sensibility in the novel of Margaret Drabble
| 主要作者: | |
|---|---|
| 格式: | Printed Book |
| 語言: | English |
| 出版: |
New Delhi
Atlantic Publishers
2004
|
| LEADER | 00471nam a2200109Ia 4500 | ||
|---|---|---|---|
| 008 | 111205s9999 xx 000 0 eng d | ||
| 100 | |a Suhasini Tapaswi | ||
| 245 | |a Feminine Sensibility in the novel of Margaret Drabble |c Suhasini Tapaswi | ||
| 260 | |b Atlantic Publishers |a New Delhi |c 2004 | ||
| 942 | |c BK | ||
| 999 | |c 227785 |d 227785 | ||
| 952 | |0 0 |1 0 |2 ddc |4 0 |6 E_823_090000000000000_SUH_F |7 0 |9 251503 |a MAL |b MAL |c ST1 |d 1972-07-18 |g 0.00 |l 0 |o E 823.09 SUH/F |p MAL28351 |r 2011-12-05 |v 350.00 |w 2011-12-05 |y BK | ||